00469nam a22001457a 450000500170000000800410001702000340005804100120009208200150010410000440011924500590016326000440022230000310026665000260029720231120073553.0231120b |||||||| |||| 00| 0 eng d a9780409078633 ; 9780409078640 aEnglish a343.4 INC  aLexisNexis editorial staff / lEnglish  aIncome Tax Legislation / cLexisNexis editorial staff  aDurban : bLexisNexis (Pty) Ltd, c2015 bvii, 475 pages ; c25 cm.  aLegal practice bLaw